000 00634nam a2200253Ia 4500
003 OSt
005 20221007111055.0
006 a|||||r|||| 00| 0
007 ta
008 221006b |||||||| |||| 00| 0 eng d
024 _a22,510
037 _cTextual
040 _aLCO
_cLCO
_beng
041 _2eng
_aeng
082 _aX724:(Z), L2
100 _aGupta S.D.
_938970
245 0 _aIncome Tax Law and Problem
250 _a1st
260 _aCalcutta
_bBooks & Prints India
_c1972
300 _avarious
650 _aINCOME TAX
942 _hX724:(Z), L2
_cTEXL
999 _c1192073
_d1192073